[Event "Championnat de France Minime Fille"]
[Site "CALVI"]
[Date "2005.??.??"]
[Round "1.4"]
[White "Le Moal, Marie"]
[Black "Bodlenner, Camille"]
[Result "0-1"]
[WhiteElo "1590"]
[BlackElo "1985"]
[PlyCount "118"]
[EventDate "2005.??.??"]
[SourceDate "2005.04.17"]

1. e4 c5 2. Nc3 Nc6 3. g3 g6 4. Bg2 Bg7 5. d3 d6 6. Be3 e6 7. Nge2 Nge7 8. O-O
Nd4 9. a4 Rb8 10. Rb1 Nec6 11. Bd2 a6 12. Nxd4 Nxd4 13. Ne2 O-O 14. Nxd4 Bxd4
15. Bh6 Bg7 16. Bxg7 Kxg7 17. d4 Qc7 18. c3 Bd7 19. b3 Rfd8 20. Qe2 b5 21. axb5
cxd4 22. bxa6 Bb5 23. c4 Bxa6 24. Qd2 e5 25. Rfc1 Rb6 26. Bf1 Rdb8 27. b4 Qb7
28. b5 Qe7 29. Bd3 Bc8 30. Kg2 Be6 31. Qb4 Qd7 32. Qa5 Bh3+ 33. Kg1 Qg4 34. Bf1
Bxf1 35. Rxf1 Qxe4 36. Rfc1 Qd3 37. Qe1 Rc8 38. Qa5 Rcb8 39. Qe1 Qa3 40. Ra1
Qc5 41. Ra2 Re8 42. Re2 Rc8 43. Rb2 Ra8 44. Qd2 Rb7 45. Qe2 Re8 46. Qe4 Ree7
47. Qc2 e4 48. Re1 d5 49. cxd5 Qxd5 50. Qb1 d3 51. Rb3 Re5 52. b6 Re6 53. Rb5
Qd8 54. Qa1+ Qf6 55. Qa4 d2 56. Rd1 e3 57. fxe3 Rxe3 58. Rf1 Re1 59. Rb1 Qxf1#
0-1

[Event "Championnat de France Minime Fille"]
[Site "CALVI"]
[Date "2005.??.??"]
[Round "1.5"]
[White "Gras, Delphine"]
[Black "Salinas, Deborah"]
[Result "1-0"]
[WhiteElo "1952"]
[BlackElo "1590"]
[PlyCount "79"]
[EventDate "2005.??.??"]
[SourceDate "2005.04.17"]

1. e4 e6 2. d4 d5 3. Nc3 Nf6 4. e5 Nfd7 5. f4 c5 6. Nf3 Nc6 7. Be3 b6 8. Nb5
Bb7 9. c3 a6 10. Nd6+ Bxd6 11. exd6 cxd4 12. Bxd4 Nxd4 13. Qxd4 Nf6 14. d7+
Kxd7 15. Ne5+ Ke8 16. g4 Rg8 17. O-O-O Nd7 18. Bd3 Nxe5 19. Qxe5 g6 20. Kb1 Rc8
21. Rhe1 Qc7 22. Qe3 Kd7 23. f5 Rge8 24. fxe6+ fxe6 25. Qh3 Kd6 26. c4 d4 27.
Bf1 e5 28. Qg3 Kc5 29. g5 e4 30. Qa3+ Kc6 31. Rxd4 Qe5 32. Rd5 Qxh2 33. Bh3
Rcd8 34. Rxd8 Rxd8 35. Qe7 Rd2 36. Qxe4+ Kc5 37. Qe3+ Rd4 38. b4+ Kxc4 39. Rc1+
Kd5 40. Qe6# {Diagramme #} 1-0

[Event "Championnat de France Minime Fille"]
[Site "CALVI"]
[Date "2005.??.??"]
[Round "1.6"]
[White "Lacombe, Marjorie"]
[Black "Le Bail, Clara"]
[Result "0-1"]
[WhiteElo "1580"]
[BlackElo "1938"]
[PlyCount "104"]
[EventDate "2005.??.??"]
[SourceDate "2005.04.17"]

1. e4 e6 2. d4 d5 3. Nc3 Bb4 4. e5 c5 5. a3 Bxc3+ 6. bxc3 Ne7 7. Qg4 O-O 8. Nf3
Nbc6 9. Bd3 f5 10. Qh3 Qc7 11. O-O Ng6 12. Re1 Bd7 13. g4 Nce7 14. Qg2 fxg4 15.
Qxg4 Nf5 16. h4 Nge7 17. Kh1 c4 18. Be2 Kh8 19. Rg1 h6 20. h5 Rf7 21. Bf1 Ba4
22. Ra2 Qb6 23. Rb2 Qc7 24. Bh3 Raf8 25. Nh4 Nxh4 26. Qxh4 Nf5 27. Qg4 Bd7 28.
Qg6 Nh4 29. Qg4 Nf5 30. Qg2 Bc8 31. Bxf5 Rxf5 32. Qg6 Qe7 33. Qg4 Rxf2 34. Be3
R2f3 35. Bd2 b6 36. Rbb1 Bd7 37. Rg2 Be8 38. Rbg1 R3f7 39. Be1 Rf5 40. Bh4 Qf7
41. Qxg7+ Qxg7 42. Rxg7 Rxh5 43. R7g4 Bf7 44. Kg2 Rg8 45. Bf6+ Kh7 46. Rxg8
Kxg8 47. Kf2+ Kf8 48. Rg7 Rh2+ 49. Kg3 Rxc2 50. a4 Rxc3+ 51. Kh4 Rd3 52. Rg4 h5
0-1

[Event "Championnat de France Minime Fille"]
[Site "CALVI"]
[Date "2005.04.17"]
[Round "1.7"]
[White "Gadarinian, Caroline"]
[Black "Belloc, Sidonie"]
[Result "1-0"]
[WhiteElo "1927"]
[BlackElo "1570"]
[PlyCount "47"]
[EventDate "2005.??.??"]
[SourceDate "2005.04.17"]

1. Nf3 d5 2. d4 Nf6 3. Bg5 e6 4. e3 Bd6 5. c3 Nbd7 6. Nbd2 c6 7. Bd3 Qc7 8. Qc2
h6 9. Bh4 e5 10. e4 O-O 11. Bg3 Re8 12. O-O Nh5 13. dxe5 Nxe5 14. Bxe5 Bxe5 15.
Nxe5 Qxe5 16. exd5 Qxd5 17. Bc4 Bf5 18. Qd1 Bg4 19. Qxg4 Qxd2 20. Qxh5 Re7 21.
Qc5 Rd7 22. Qb4 Rad8 23. Bb3 Qxb2 24. Bxf7+ 1-0

[Event "Championnat de France Minime Fille"]
[Site "CALVI"]
[Date "2005.04.17"]
[Round "1.8"]
[White "Des Bouillons, Pauline"]
[Black "Brih, Touatia"]
[Result "0-1"]
[WhiteElo "1560"]
[BlackElo "1904"]
[PlyCount "48"]
[EventDate "2005.??.??"]
[SourceDate "2005.04.17"]

1. e4 c5 2. Nc3 Nc6 3. f4 d6 4. Nf3 g6 5. Bb5 Bg7 6. Bxc6+ bxc6 7. d3 e6 8. O-O
Ne7 9. Be3 Rb8 10. Rb1 O-O 11. Qd2 Qa5 12. Nd5 Qd8 13. Nxe7+ Qxe7 14. c3 Ba6
15. f5 exf5 16. exf5 Rfe8 17. Bg5 Qe2 18. Rbd1 Rxb2 19. Qxe2 Rexe2 20. Rb1
Rxg2+ 21. Kh1 f6 22. Bf4 Bxd3 23. Rxb2 Rxb2 24. Re1 gxf5 0-1

[Event "Championnat de France Minime Fille"]
[Site "CALVI"]
[Date "2005.??.??"]
[Round "1.9"]
[White "Perrusset, Barbara"]
[Black "Durczak, Melanie"]
[Result "0-1"]
[WhiteElo "1883"]
[BlackElo "1550"]
[PlyCount "112"]
[EventDate "2005.??.??"]
[SourceDate "2005.04.17"]

1. d4 d5 2. c4 e6 3. Nc3 c5 4. cxd5 exd5 5. dxc5 d4 6. Ne4 Bf5 7. Nd6+ Bxd6 8.
cxd6 Qxd6 9. Nf3 Nc6 10. a3 Nf6 11. g3 O-O 12. Bg2 Rfe8 13. O-O Rad8 14. Bf4
Qe7 15. Re1 Qd7 16. Rc1 d3 17. exd3 Qxd3 18. Qxd3 Bxd3 19. Bg5 Re6 20. Rxe6
fxe6 21. Re1 Re8 22. Re3 Bc4 23. b4 a6 24. Ne5 Nxe5 25. Rxe5 Bd5 26. Re1 Bxg2
27. Kxg2 Kf7 28. Rd1 Nd5 29. Rc1 h6 30. Bd2 Rd8 31. Kf3 Kg6 32. h3 Kf7 33. Rc2
Kg6 34. Ke4 Rf8 35. f4 Kf6 36. Bc3+ Kf7 37. Ke5 Rc8 38. Kd4 Ke7 39. Rc1 Kd6 40.
Kd3 Nxc3 41. Rxc3 Rxc3+ 42. Kxc3 Kd5 43. Kd3 b5 44. g4 g6 45. Ke3 g5 46. fxg5
hxg5 47. Kd3 e5 48. Ke3 e4 49. Ke2 Kd4 50. Kd2 e3+ 51. Kd1 Kd3 52. Ke1 e2 53.
h4 gxh4 54. g5 h3 55. g6 h2 56. g7 h1=Q+ 0-1

[Event "Championnat de France Minime Fille"]
[Site "CALVI"]
[Date "2005.04.17"]
[Round "1.10"]
[White "Weigel, Marie"]
[Black "Ferry, Justine"]
[Result "0-1"]
[WhiteElo "1550"]
[BlackElo "1882"]
[PlyCount "68"]
[EventDate "2005.??.??"]
[SourceDate "2005.04.17"]

1. d4 d5 2. Nf3 Nf6 3. Bf4 Bf5 4. e3 e6 5. Bd3 Bg6 6. O-O Nbd7 7. c4 dxc4 8.
Bxc4 Nb6 9. Bd3 Be7 10. Nc3 Nbd5 11. Bg3 Nxc3 12. bxc3 Ne4 13. Qc2 Nxg3 14.
fxg3 Bxd3 15. Qxd3 O-O 16. c4 Rc8 17. Qb3 b6 18. Ne5 c5 19. d5 exd5 20. cxd5
Bf6 21. Nc6 Rxc6 22. dxc6 Bxa1 23. Rxa1 Qf6 24. Rd1 Qxc6 25. a4 c4 26. Qc2 a6
27. Rd4 b5 28. axb5 axb5 29. Qc3 Rc8 30. Qb4 Qe8 31. Kf2 c3 32. Rd1 Qc6 33. Rc1
Qd5 34. Rc2 Qf5+ 0-1

[Event "Championnat de France Minime"]
[Site "CALVI"]
[Date "2005.04.18"]
[Round "2.1"]
[White "Lamberti, Hugo"]
[Black "Dourerassou, Jonathan"]
[Result "0-1"]
[WhiteElo "2005"]
[BlackElo "2343"]
[PlyCount "40"]
[EventDate "2005.??.??"]
[SourceDate "2005.04.17"]

1. e4 c5 2. d3 g6 3. g3 Bg7 4. c3 d5 5. Bg2 e6 6. Qe2 Ne7 7. f4 Nbc6 8. Nf3 b6
9. O-O Ba6 10. e5 Qc7 11. Rd1 h6 12. Nbd2 g5 13. Nf1 gxf4 14. Bxf4 Ng6 15. Rac1
Ncxe5 16. Nxe5 Bxe5 17. Bxd5 O-O-O 18. Bxe5 Nxe5 19. Bc4 Bb7 20. Ne3 Bf3 0-1

[Event "Championnat de France Minime"]
[Site "CALVI"]
[Date "????.??.??"]
[Round "2.2"]
[White "Edouard, Romain"]
[Black "Curto, Nicolas"]
[Result "1-0"]
[WhiteElo "2255"]
[BlackElo "1994"]
[PlyCount "105"]
[EventDate "2005.??.??"]
[SourceDate "2005.04.17"]

1. e4 c5 2. Nf3 d6 3. d4 cxd4 4. Nxd4 Nf6 5. Nc3 a6 6. f3 e6 7. Be3 b5 8. g4
Nfd7 9. Qd2 Nb6 10. Bd3 N8d7 11. Bg5 Qc7 12. O-O-O Bb7 13. Bxb5 axb5 14. Ndxb5
Qc5 15. b4 Qc6 16. Nxd6+ Bxd6 17. Qxd6 f6 18. Qxc6 Bxc6 19. Bf4 Nc4 20. Rd4
Ndb6 21. Bc7 Ke7 22. Bxb6 Nxb6 23. b5 Bd7 24. Rhd1 Rhd8 25. Kb2 Be8 26. Rxd8
Rxd8 27. Rxd8 Kxd8 28. Kb3 h5 29. gxh5 e5 30. h6 gxh6 31. Kb4 Bh5 32. Kc5 Kc7
33. a4 Nd7+ 34. Kc4 Bxf3 35. a5 Bh5 36. Na4 Bg6 37. Kd3 Kd6 38. a6 Kc7 39. c4
Nb6 40. a7 Na8 41. c5 Kb7 42. b6 {Diagramme #} 42... f5 43. Nc3 fxe4+ 44. Ke3
Be8 45. Kxe4 Bc6+ 46. Nd5 Kc8 47. Kxe5 Kd7 48. Nf6+ Kc8 49. Kd6 Bf3 50. Nd5
Bxd5 51. Kxd5 Kb7 52. Ke5 Kc6 53. Kf5 1-0

[Event "Championnat de France Minime"]
[Site "CALVI"]
[Date "2005.04.18"]
[Round "2.3"]
[White "Stahl, Clement"]
[Black "Heinz, Timothee"]
[Result "0-1"]
[WhiteElo "1960"]
[BlackElo "2231"]
[PlyCount "72"]
[EventDate "2005.??.??"]
[SourceDate "2005.04.17"]

1. e4 c5 2. Nf3 d6 3. d4 Nf6 4. Nc3 cxd4 5. Nxd4 a6 6. Bg5 e6 7. f4 Qb6 8. Qd2
Qxb2 9. Nb3 Nbd7 10. Bxf6 gxf6 11. Be2 b5 12. O-O Bb7 13. f5 e5 14. Rab1 Qa3
15. Nd5 Rc8 16. c3 Qa4 17. Bf3 Bxd5 18. Qxd5 Qc4 19. Qxc4 Rxc4 20. Rfc1 Bh6 21.
Rc2 b4 22. Na5 Rxc3 23. Rcb2 Be3+ 24. Kf1 Bc5 25. Nc6 a5 26. Nxa5 Nb6 27. Rb3
Rc2 28. R3b2 Rxb2 29. Rxb2 Kd7 30. Ke2 Ra8 31. Nb3 Na4 32. Nxc5+ dxc5 33. Rd2+
Ke7 34. Kd3 Rd8+ 35. Kc2 Rxd2+ 36. Kxd2 Nc3 0-1

[Event "Championnat de France Minime"]
[Site "CALVI"]
[Date "2005.04.18"]
[Round "2.4"]
[White "Vernay, Clovis"]
[Black "Blard, Jerome"]
[Result "1-0"]
[WhiteElo "2224"]
[BlackElo "1980"]
[PlyCount "51"]
[EventDate "2005.??.??"]
[SourceDate "2005.04.17"]

1. d4 d5 2. c4 e6 3. Nc3 Nf6 4. cxd5 exd5 5. Bg5 c6 6. Qc2 Be7 7. e3 Nbd7 8.
Bd3 O-O 9. Nge2 Re8 10. O-O Nf8 11. f3 Be6 12. h3 Rc8 13. Rad1 a6 14. e4 Ng6
15. e5 Nd7 16. Bxe7 Qxe7 17. f4 Nh4 18. Bxh7+ Kh8 19. Bd3 c5 20. Qd2 Nf5 21.
Bxf5 Bxf5 22. Nxd5 Qe6 23. Ne3 Be4 24. d5 Qb6 25. Nc3 Bh7 {Diagramme #} 26. Nc4
1-0

[Event "Championnat de France Minime"]
[Site "CALVI"]
[Date "????.??.??"]
[Round "2.5"]
[White "Pinault, Ronan"]
[Black "Monsieux, Cyril"]
[Result "0-1"]
[WhiteElo "1940"]
[BlackElo "2213"]
[PlyCount "102"]
[EventDate "2005.??.??"]
[SourceDate "2005.04.17"]

1. d4 Nf6 2. Nf3 e6 3. e3 b6 4. Bd3 c5 5. O-O Be7 6. b3 O-O 7. Bb2 Bb7 8. Nbd2
d6 9. Qe2 Nbd7 10. c4 Qc7 11. Rac1 Rfe8 12. Bb1 Bf8 13. e4 cxd4 14. Nxd4 a6 15.
Kh1 Rac8 16. N4f3 e5 17. Rfd1 a5 18. Nf1 g6 19. N3d2 Bh6 20. Ne3 Nc5 21. Nd5
Nxd5 22. exd5 f5 23. Rc3 Qf7 24. Rh3 Bg7 25. Nf3 Bf6 26. Qd2 f4 27. Re1 Rc7 28.
Ng1 Rce7 29. Be4 Bc8 30. Rc3 Nxe4 31. Rxe4 g5 32. Rc1 g4 33. Ba3 Qg6 34. Ree1
f3 35. Qd1 Bg5 36. Rc3 e4 37. Bc1 Bf6 38. Rc2 Bf5 39. Be3 Be5 40. Rc1 h5 41.
Qd2 Rg7 42. Bf4 h4 43. Bxe5 Rxe5 44. Re3 g3 45. fxg3 hxg3 46. h3 Qh6 47. Rd1 f2
{Diagramme #} 48. Rf1 Bxh3 49. Nxh3 Qxh3+ 50. gxh3 g2+ 51. Kh2 gxf1=N+ 0-1

[Event "Championnat de France Minime"]
[Site "CALVI"]
[Date "????.??.??"]
[Round "2.6"]
[White "Delorme, Axel"]
[Black "Berthier, Hugo"]
[Result "1/2-1/2"]
[WhiteElo "2202"]
[BlackElo "1970"]
[PlyCount "56"]
[EventDate "2005.??.??"]
[SourceDate "2005.04.17"]

1. e4 e5 2. Nf3 Nf6 3. Nxe5 d6 4. Nf3 Nxe4 5. Nc3 Nxc3 6. dxc3 Be7 7. Bf4 Nd7
8. Qd2 O-O 9. O-O-O Re8 10. h4 Nc5 11. Bc4 Be6 12. Bxe6 Nxe6 13. Be3 Nc5 14.
Rh3 Rb8 15. Ng5 Bf6 16. Kb1 b5 17. Qd5 Qe7 18. Bd4 Bxd4 19. cxd4 Ne4 20. Re3
Nf6 21. Qf5 Qd7 22. Qxd7 Nxd7 23. Rde1 Nf6 24. Kc1 Kf8 25. Rxe8+ Rxe8 26. Rxe8+
Kxe8 27. Kd2 h6 28. Nh3 Nd5 1/2-1/2

[Event "Championnat de France Minime"]
[Site "CALVI"]
[Date "2005.04.18"]
[Round "2.7"]
[White "Tannous, Cesar"]
[Black "Brethes, Francois"]
[Result "0-1"]
[WhiteElo "1880"]
[BlackElo "2161"]
[PlyCount "99"]
[EventDate "2005.??.??"]
[SourceDate "2005.04.17"]

1. e4 b6 2. d4 Bb7 3. Bd3 e6 4. Nf3 c5 5. c3 Nf6 6. Qe2 Be7 7. h4 d5 8. e5 Ne4
9. Nbd2 Nxd2 10. Bxd2 h6 11. h5 Nc6 12. Rh3 a5 13. Rg3 Bf8 14. a4 Qc8 15. Be3
Ba6 16. Bxa6 Qxa6 17. Qxa6 Rxa6 18. Nd2 Ne7 19. dxc5 bxc5 20. Nb3 Nf5 21. Rf3
Nxe3 22. Rxe3 c4 23. Nd4 Bc5 24. Rg3 Bxd4 25. cxd4 Rb6 26. O-O-O Rg8 27. Kc2
Ke7 28. f4 Rgb8 29. Rb1 Kf8 30. Rf3 Rb4 31. Ra3 Kg8 32. g4 Rb3 33. Rxb3 Rxb3
34. Rg1 Rd3 35. g5 Kf8 36. g6 Rxd4 37. Rf1 fxg6 38. hxg6 Ke7 39. f5 Rg4 40. f6+
Kf8 41. fxg7+ Kxg7 42. Rf7+ Kxg6 43. Ra7 Kf5 44. Rxa5 Kxe5 45. Ra8 Rg1 46. a5
Ra1 47. b3 Ra2+ 48. Kc3 Ra3 49. a6 Rxb3+ 50. Kc2 0-1

[Event "Championnat de France Minime"]
[Site "CALVI"]
[Date "????.??.??"]
[Round "2.8"]
[White "Henry, Guillaume"]
[Black "Bonnet, Anselme"]
[Result "1/2-1/2"]
[WhiteElo "2128"]
[BlackElo "1950"]
[PlyCount "110"]
[EventDate "2005.??.??"]
[SourceDate "2005.04.17"]

1. e4 c5 2. Nc3 e6 3. f4 Nc6 4. Nf3 g6 5. d4 cxd4 6. Nxd4 Bg7 7. Ndb5 d5 8.
exd5 Bxc3+ 9. Nxc3 exd5 10. Qxd5 Be6 11. Qxd8+ Rxd8 12. Bb5 Nge7 13. Be3 O-O
14. Bc5 Rfe8 15. Ne4 Nd5 16. O-O Bf5 17. Nd6 Re6 18. Nxf5 gxf5 19. Bd3 b6 20.
Bf2 Ncb4 21. Bxf5 Re2 22. Bh4 Rde8 23. Rae1 Nxa2 24. Rxe2 Rxe2 25. Bd3 Rd2 26.
Ra1 Nab4 27. Be1 Nxc2 28. Bxd2 Nxa1 29. Bc4 Nf6 30. Bc3 Ne4 31. Be5 Nd2 32. Bd3
Nab3 33. Bb8 Nc5 34. Be2 a6 35. Ba7 Na4 36. Bxa6 Nxb2 37. Bxb6 Nbc4 38. Bd4 Nd6
39. Kf2 f5 40. Be5 N2c4 41. Bxd6 Nxd6 42. Ke3 Kf7 43. Kd4 Kf6 44. Bd3 h6 45. h3
Ne8 46. Bb5 Ng7 47. Bd7 Nh5 48. Ke3 Ng7 49. g4 fxg4 50. hxg4 Ke7 51. Bb5 Kf6
52. Bc4 Ne8 53. Ke4 Nd6+ 54. Kd5 Nf7 55. Kc6 Ng5 1/2-1/2

[Event "Championnat de France Minime"]
[Site "CALVI"]
[Date "????.??.??"]
[Round "2.9"]
[White "Lacour, Cedric"]
[Black "Genzling, Alain"]
[Result "0-1"]
[WhiteElo "1860"]
[BlackElo "2110"]
[PlyCount "90"]
[EventDate "2005.??.??"]
[SourceDate "2005.04.17"]

1. e4 c5 2. Nf3 Nc6 3. d4 cxd4 4. Nxd4 Nf6 5. Nc3 e5 6. Ndb5 d6 7. Bg5 a6 8.
Na3 b5 9. Bxf6 gxf6 10. Nd5 Bg7 11. c3 f5 12. exf5 Bxf5 13. Qf3 Be6 14. Nf6+
Bxf6 15. Qxc6+ Ke7 16. Be2 Qd7 17. Qxd7+ Kxd7 18. Bf3 Rab8 19. Nc2 a5 20. O-O
Bg5 21. Rfe1 f5 22. Rad1 Ke7 23. Bd5 Rhc8 24. Bxe6 Kxe6 25. Nd4+ Kf6 26. Nf3
Rb6 27. Nxg5 Kxg5 28. Rd5 Kf6 29. Red1 Ke6 30. f3 Rc4 31. g3 b4 32. cxb4 axb4
33. b3 Rc2 34. R5d2 Rc5 35. Kf2 d5 36. f4 e4 37. Rd4 h5 38. h4 Rbb5 39. R1d2
Rc3 40. Re2 Kd6 41. Re3 Kc5 42. Rd1 d4 43. Re2 d3 44. Ree1 Kd4 45. Kf1 e3 0-1

[Event "Championnat de France Minime"]
[Site "CALVI"]
[Date "2005.04.18"]
[Round "2.10"]
[White "Frederic, Clement"]
[Black "Flandre, Xavier"]
[Result "1-0"]
[WhiteElo "2095"]
[BlackElo "1947"]
[PlyCount "87"]
[EventDate "2005.??.??"]
[SourceDate "2005.04.17"]

1. e4 e6 2. d4 d5 3. Nc3 Bb4 4. e5 c5 5. a3 Bxc3+ 6. bxc3 Nc6 7. Qg4 Kf8 8. Qd1
Nge7 9. Nf3 Bd7 10. Be2 Nf5 11. O-O Qb6 12. dxc5 Qxc5 13. c4 Nfd4 14. cxd5 Qxd5
15. c4 Nxf3+ 16. Bxf3 Qxd1 17. Rxd1 Ke7 18. Bg5+ Ke8 19. Rab1 b6 20. Rd6 Rc8
21. Bxc6 Rxc6 22. Rxc6 Bxc6 23. c5 b5 24. Rd1 Bd5 25. Rb1 a6 26. a4 h6 27. Bd2
Bc4 28. axb5 Bxb5 29. c6 Kd8 30. Ba5+ Kc8 31. c7 Kb7 32. Rd1 Rc8 33. Rd8 Ba4
34. f4 Bb5 35. Kf2 f6 36. Ke3 fxe5 37. fxe5 g6 38. Kd4 h5 39. Kc5 Rxc7+ 40.
Bxc7 Kxc7 41. Rd6 Bd7 42. Rxa6 Bc8 43. Rc6+ Kd7 44. Rxc8 1-0

[Event "Championnat de France Minime Fille"]
[Site "CALVI"]
[Date "2005.04.18"]
[Round "2.1"]
[White "Llorens, Jenna"]
[Black "Benmesbah, Natacha"]
[Result "0-1"]
[WhiteElo "1810"]
[BlackElo "2113"]
[PlyCount "58"]
[EventDate "2005.??.??"]
[SourceDate "2005.04.17"]

1. d4 Nf6 2. Bg5 e6 3. e4 h6 4. Bxf6 Qxf6 5. Nc3 a6 6. Qd2 g5 7. Nge2 d6 8. g3
g4 9. Bg2 Nc6 10. Rf1 Qg5 11. O-O-O Be7 12. Kb1 Bd7 13. f4 gxf3 14. Rxf3 Qxd2
15. Rxd2 Rf8 16. Nf4 O-O-O 17. Rd1 e5 18. Nfd5 Bg4 19. Nxe7+ Nxe7 20. dxe5 Bxf3
21. Bxf3 dxe5 22. Nd5 Nxd5 23. exd5 f5 24. g4 e4 25. Bg2 fxg4 26. Bxe4 Rf2 27.
a3 h5 28. h4 gxh3 29. Rh1 h2 0-1

[Event "Championnat de France Minime Fille"]
[Site "CALVI"]
[Date "????.??.??"]
[Round "2.2"]
[White "Congiu, Mathilde"]
[Black "Esposito, Julie"]
[Result "1/2-1/2"]
[WhiteElo "2072"]
[BlackElo "1810"]
[PlyCount "75"]
[EventDate "2005.??.??"]
[SourceDate "2005.04.17"]

1. e4 c6 2. d3 d5 3. Nd2 g6 4. Ngf3 Bg4 5. Be2 Bg7 6. c3 Nd7 7. O-O e6 8. Re1
Ne7 9. d4 O-O 10. Bd3 c5 11. h3 Bxf3 12. Nxf3 Qb6 13. Bg5 Nc6 14. exd5 exd5 15.
dxc5 Qxc5 16. Be3 Qd6 17. Qd2 Rad8 18. Rad1 Nf6 19. Bc2 a6 20. Bg5 Rd7 21. b4
Rfd8 22. Bf4 Qf8 23. Ne5 Nxe5 24. Bxe5 Ne8 25. Qd4 Nc7 26. Ba4 Re7 27. Bf6
Rxe1+ 28. Rxe1 Bxf6 29. Qxf6 Ne6 30. Bb3 Rd6 31. Qe5 d4 32. cxd4 Nxd4 33. Bd5
Nc6 34. Bxc6 Rxc6 35. b5 Re6 36. Qc3 Rxe1+ 37. Qxe1 axb5 38. Qe5 1/2-1/2

[Event "Championnat de France Minime Fille"]
[Site "CALVI"]
[Date "????.??.??"]
[Round "2.3"]
[White "Draillard, Margot"]
[Black "Laurens, Julia"]
[Result "0-1"]
[WhiteElo "1760"]
[BlackElo "2023"]
[PlyCount "86"]
[EventDate "2005.??.??"]
[SourceDate "2005.04.17"]

1. d4 d5 2. Nf3 Nf6 3. c4 c6 4. Nc3 a6 5. b3 b5 6. e3 Bg4 7. h3 Bh5 8. Bb2 e6
9. Bd3 Nbd7 10. O-O Bd6 11. Re1 O-O 12. Rc1 e5 13. dxe5 Nxe5 14. g4 Nxd3 15.
Qxd3 Bg6 16. Qe2 h5 17. cxd5 hxg4 18. hxg4 cxd5 19. Nd4 Qd7 20. g5 Ne4 21. f4
Nxc3 22. Bxc3 Rfe8 23. Qf2 Be4 24. Qh4 Rac8 25. Bb2 Bb4 26. Rxc8 Rxc8 27. Re2
Bc3 28. Rh2 f6 29. gxf6 gxf6 30. Qg3+ Qg7 31. Qxg7+ Kxg7 32. Re2 Kf7 33. Kf2
Ke7 34. Kg3 Rg8+ 35. Kh2 Rh8+ 36. Kg3 Rg8+ 37. Kh2 b4 38. a4 Kd6 39. Rf2 Be1
40. Re2 Bc3 41. Rf2 Rh8+ 42. Kg3 Be1 43. Ba1 Rg8+ 0-1

[Event "Championnat de France Minime Fille"]
[Site "CALVI"]
[Date "????.??.??"]
[Round "2.4"]
[White "Bodlenner, Camille"]
[Black "Ezanno, Morgane"]
[Result "1-0"]
[WhiteElo "1985"]
[BlackElo "1800"]
[PlyCount "79"]
[EventDate "2005.??.??"]
[SourceDate "2005.04.17"]

1. e4 c5 2. d4 cxd4 3. c3 d3 4. Bxd3 Nc6 5. Nf3 d6 6. Bf4 Nf6 7. Nbd2 g6 8. h3
Bg7 9. O-O O-O 10. Qe2 Nd7 11. Rfd1 Nc5 12. Bc2 Bd7 13. Rac1 b5 14. Be3 Ne6 15.
Nb3 Rb8 16. Nbd4 b4 17. Bb3 Nc7 18. Nxc6 Bxc6 19. Bxa7 Rb7 20. Bd4 Qa8 21. Bxg7
Kxg7 22. Nd4 Ba4 23. Qc2 Ra7 24. Bxa4 Rxa4 25. cxb4 Rc8 26. a3 Ra6 27. Nb5 Nxb5
28. Qxc8 Qxc8 29. Rxc8 Kf6 30. Rd5 Rb6 31. a4 Na7 32. Rc4 Nc6 33. b5 Na5 34.
Rc3 e6 35. Rd1 Ke5 36. f3 f5 37. b4 Nb7 38. Rc6 Rxc6 39. bxc6 d5 40. cxb7 1-0

[Event "Championnat de France Minime Fille"]
[Site "CALVI"]
[Date "2005.04.18"]
[Round "2.5"]
[White "Sidibe, Malika"]
[Black "Gras, Delphine"]
[Result "0-1"]
[WhiteElo "1790"]
[BlackElo "1952"]
[PlyCount "62"]
[EventDate "2005.??.??"]
[SourceDate "2005.04.17"]

1. e4 c6 2. Nf3 d5 3. Nc3 Bg4 4. h3 Bxf3 5. Qxf3 e6 6. Be2 g6 7. O-O Bg7 8. Re1
Ne7 9. d3 O-O 10. Bf4 Nd7 11. Kf1 f5 12. exd5 cxd5 13. Qe3 e5 14. Bg5 d4 15.
Bxe7 Qxe7 16. Nd5 Qd6 17. Qf3 e4 18. dxe4 fxe4 19. Qb3 Kh8 20. Kg1 Be5 21. Rf1
Nc5 22. Qc4 Rad8 23. f4 Bg7 24. b4 Ne6 25. Bg4 Nxf4 26. Nc7 d3 27. Rad1 h5 28.
Ne6 hxg4 29. Nxd8 {Diagramme #} 29... Ne2+ 30. Kh1 Ng3+ 31. Kg1 Bd4+ 0-1

[Event "Championnat de France Minime Fille"]
[Site "CALVI"]
[Date "????.??.??"]
[Round "2.6"]
[White "Le Bail, Clara"]
[Black "Hamman, Sophie"]
[Result "1-0"]
[WhiteElo "1938"]
[BlackElo "1750"]
[PlyCount "59"]
[EventDate "2005.??.??"]
[SourceDate "2005.04.17"]

1. e4 e5 2. f4 d6 3. Nf3 Nd7 4. Bc4 Be7 5. O-O Ngf6 6. Nc3 O-O 7. d3 exf4 8.
Bxf4 Nb6 9. Bb3 Be6 10. Kh1 c6 11. Nd4 Bxb3 12. axb3 Nbd7 13. Nf5 Ne5 14. d4
Ng6 15. Be3 Re8 16. Qf3 c5 17. Bg5 cxd4 18. Nxe7+ Nxe7 19. Bxf6 gxf6 20. Nb5
Nc6 21. Qg3+ Kf8 22. Nxd6 Re5 23. Nf5 Rxe4 24. Qg7+ Ke8 25. Qg8+ Kd7 26. Qxf7+
Kc8 27. Ng3 Qe7 28. Nxe4 Qxe4 29. Rae1 Qg4 30. Rxf6 1-0

[Event "Championnat de France Minime Fille"]
[Site "CALVI"]
[Date "????.??.??"]
[Round "2.7"]
[White "Cheype, Marie"]
[Black "Gadarinian, Caroline"]
[Result "0-1"]
[WhiteElo "1720"]
[BlackElo "1927"]
[PlyCount "60"]
[EventDate "2005.??.??"]
[SourceDate "2005.04.17"]

1. e4 d6 2. d4 Nf6 3. Nc3 c6 4. f3 b5 5. Be3 Nbd7 6. g4 Nb6 7. Qd2 Qc7 8. Bd3
e5 9. Nge2 Be7 10. Ng3 g6 11. h4 h5 12. g5 Nfd7 13. f4 exf4 14. Bxf4 b4 15. Nd1
a5 16. Rf1 Nf8 17. a3 bxa3 18. Rxa3 Ne6 19. Be3 d5 20. Rxa5 {Diagramme #} 20...
Nc4 21. Bxc4 Rxa5 22. Bd3 Qxg3+ 23. Bf2 Qc7 24. Bg1 Ra1 25. Qf2 O-O 26. Bh2 Qb6
27. Kd2 dxe4 28. Bxe4 Qxd4+ 29. Qxd4 Nxd4 30. Be5 Rd8 0-1

[Event "Championnat de France Minime Fille"]
[Site "CALVI"]
[Date "2005.04.18"]
[Round "2.8"]
[White "Brih, Touatia"]
[Black "Bernard, Aline"]
[Result "1/2-1/2"]
[WhiteElo "1904"]
[BlackElo "1720"]
[PlyCount "89"]
[EventDate "2005.??.??"]
[SourceDate "2005.04.17"]

1. e4 e5 2. Nf3 Nc6 3. d4 d6 4. Bb5 Bd7 5. d5 Nce7 6. Bxd7+ Qxd7 7. c4 Nf6 8.
Nc3 Ng6 9. h3 Be7 10. O-O O-O 11. Be3 a6 12. b4 a5 13. Rb1 b6 14. Qc2 axb4 15.
Rxb4 Nh5 16. Ne2 f5 17. exf5 Rxf5 18. Nd2 Nhf4 19. Ng3 Rf7 20. Nf3 Nxh3+ 21.
Kh2 Nhf4 22. Rh1 Bh4 23. Kg1 Qg4 24. Bxf4 Rxf4 25. Rh3 Raf8 26. Nxh4 Nxh4 27.
Qe2 Qxe2 28. Nxe2 Rxf2 29. Rxh4 Rxe2 30. Ra4 Rff2 31. Ra8+ Kf7 32. Ra7 Rxg2+
33. Kh1 Rxa2 34. Rxc7+ Kg6 35. Rc6 Rgc2 36. Rg4+ Kf5 37. Rxg7 Ra1+ 38. Rg1
Rxg1+ 39. Kxg1 e4 40. Rxd6 Rxc4 41. Rxb6 Rd4 42. Rh6 Rxd5 43. Rxh7 Re5 44. Kf2
Kg4 45. Ke3 1/2-1/2

[Event "Championnat de France Minime Fille"]
[Site "CALVI"]
[Date "????.??.??"]
[Round "2.9"]
[White "Ferry, Justine"]
[Black "Riquebon, Nathalie"]
[Result "1-0"]
[WhiteElo "1882"]
[BlackElo "1710"]
[PlyCount "53"]
[EventDate "2005.??.??"]
[SourceDate "2005.04.17"]

1. d4 d5 2. c4 e6 3. Nc3 c6 4. Nf3 f5 5. Bf4 Nf6 6. e3 Be7 7. Bd3 Ne4 8. Qc2
Nd7 9. h4 Ndf6 10. Ne5 Nh5 11. g3 Nxf4 12. exf4 Bb4 13. Bxe4 fxe4 14. O-O-O Qc7
15. Rhe1 Be7 16. Qe2 h5 17. f3 exf3 18. Qd3 Rh6 19. Qxf3 Bd7 $11 20. Kb1 a5 21.
Rc1 Qb8 22. f5 dxc4 23. Nxd7 Kxd7 24. fxe6+ Rxe6 25. Qf5 Qd6 26. Na4 Qd5 27.
Nb6+ 1-0

[Event "Championnat de France Minime Fille"]
[Site "CALVI"]
[Date "????.??.??"]
[Round "2.10"]
[White "Durczak, Melanie"]
[Black "Bismuth, Lea"]
[Result "0-1"]
[WhiteElo "1550"]
[BlackElo "1860"]
[PlyCount "42"]
[EventDate "2005.??.??"]
[SourceDate "2005.04.17"]

1. e4 b6 2. Nc3 Bb7 3. Bc4 e6 4. d3 Nc6 5. f4 Na5 6. Bb3 Nxb3 7. axb3 Bb4 8.
Nge2 Ne7 9. O-O f5 10. h3 fxe4 11. Nxe4 Nd5 12. Bd2 Bxd2 13. Qxd2 O-O 14. Nd4
Qh4 15. Ne2 Nf6 16. Nxf6+ Rxf6 17. Qe1 Rg6 18. Rf2 Qxh3 19. Qf1 a5 20. Nd4 Rf8
21. Ne2 Rf5 0-1